Score 0/15 Timer 08:00
0 Plays Today
Question Answer Wrong Answers
SPORTS:
'Damn Yankees' is a musical about what sport?
Baseball
96%
Football
1.8%
Soccer
0.5%
Basketball
1.6%
MUSIC:
Which Green Day album was adapted into a Broadway Musical?
American Idiot
88.2%
Dookie
2.4%
21st Century Breakdown
4.8%
Nimrod
2.7%
RELIGION:
Which Tony Award winning musical involves young men traveling to Africa as missionaries?
The Book of Mormon
81.4%
Godspell
5.4%
Leap of Faith
5.3%
High Spirits
1.8%
SCIENCE:
What cult musical involves a 'doctor' creating the perfect man?
The Rocky Horror Show
80.1%
Xanadu
5.5%
Hedwig and the Angry Inch
5.7%
Bat-Boy: The Musical
2.9%
TELEVISION:
Which musical features a teenage character who dreams of being on 'The Corny Collins Show'?
Hairspray
79.8%
Bye Bye Birdie
10.4%
Grease
3.7%
Gypsy
2.4%
JUST FOR FUN:
What Tony Award winning musical features songs like 'The Internet is for Porn', 'Everyone's a Little Bit Racist', and 'I'm Not Wearing Underwear Today'?
Avenue Q
70.5%
Something Rotten!
8.3%
Urinetown
8.8%
The Full Monty
8.1%
HOLIDAY:
Which of these Christmas movies has NOT been adapted as a Broadway musical?
The Polar Express
55.4%
A Christmas Story
6.8%
Elf
20.6%
White Christmas
11%
LITERATURE:
'Natasha, Pierre & the Great Comet of 1812' is based on a section of what novel?
War and Peace
53.6%
Crime and Punishment
10%
Anna Karenina
16.9%
The Brothers Karamazov
14.2%
ENTERTAINMENT:
Complete the title of the disastrous Broadway flop: 'Spiderman: _____________'
Turn Off the Dark
50.6%
Arachnid on the Roof
5.6%
Swingin' Through Times Square
15.5%
Web Slinger!
22.3%
MISCELLANEOUS:
What is the longest running musical in Broadway history?
The Phantom of the Opera
49.4%
The Lion King
3.8%
Cats
40.3%
Chicago
2%
MOVIES:
Which of the following movie musicals did NOT win the Academy Award for Best Picture?
Cabaret
48.6%
Chicago
10.7%
West Side Story
12.4%
My Fair Lady
25.5%
HISTORY:
What musical features John Adams, Benjamin Franklin and Richard Henry Lee?
1776
46%
Hamilton
46%
Ragtime
1.7%
The Apple Tree
1.6%
GAMING:
The musical 'Chess' has music written by members of what pop group?
ABBA
43.4%
The Bee Gees
22.4%
Earth, Wind and Fire
18.8%
KC and the Sunshine Band
9.4%
LANGUAGE:
Which musical features the songs 'No Me Diga,' 'Paciencia Y Fe' and 'Alabanza'?
In the Heights
41.7%
Fela!
30.3%
The Light in the Piazza
11.2%
Amour
11.2%
GEOGRAPHY:
Which of these musicals was NOT nominated for a Tony Award?
Oklahoma!
11.2%
Memphis
12.2%
Jamaica
69.1%
An American in Paris
6.8%
Remove Ads.
Support Sporcle.
Get the best of Sporcle when you Go Orange. This ad-free experience offers more features, more stats, and more fun while also helping to support Sporcle. Thank you for becoming a member.

You're not logged in!

Compare scores with friends on all Sporcle quizzes.
OR
Log In

Show Comments

Extras

Top Quizzes Today


Score Distribution

Your Account Isn't Verified!

In order to create a playlist on Sporcle, you need to verify the email address you used during registration. Go to your Sporcle Settings to finish the process.

Report this User

Report this user for behavior that violates our Community Guidelines.

Details: